000 00378 a2200109 4500
001 ART_26113
005 20260410161928.0
008 260409a
245 1 0 _aEl Memorándum de entendimiento con Irán como una herramienta de cooperación internacional
100 1 _aBessone, Esteban P.
773 0 _tDerechos humanos
_g- Año III, Nº 5 (jun. 2014)
_wREV22278
999 _c28322
_d28322